MARC

LEADER 00000nam0a2200000 4500
001 266787
005 20231101234030.0
035 |a (RuTPU)RU\TPU\book\289807 
090 |a 266787 
100 |a 20140715d1986 km y0rusy50 ca 
101 0 |a rus 
102 |a RU 
105 |a a z 001zb 
200 1 |a Воспоминания, письма, документы  |f Я. И. Френкель  |g Академия наук СССР (АН СССР), Физико-технический институт им. А. Ф. Иоффе (ФТИ) ; отв. ред. В. М. Тучкевич 
205 |a 2-е изд., доп. 
210 |a Ленинград  |c Наука  |d 1986 
215 |a 491 с.  |c ил. 
320 |a Именной указатель: с. 484-491. 
600 1 |a Френкель  |b Я. И.  |f 1894-1952  |g Яков Ильич  |c российский физик-теоретик  |c член-корреспондент АН СССР  |2 stltpush  |3 (RuTPU)RU\TPU\pers\4118 
606 1 |a Физики  |x Персоналии  |2 stltpush  |3 (RuTPU)RU\TPU\subj\67452  |9 83245 
610 1 |a физика 
610 1 |a СССР 
610 1 |a Россия 
610 1 |a 20 век 
610 1 |a воспоминания 
610 1 |a письма 
610 1 |a документы 
675 |a 53(092)  |v 3 
700 1 |a Френкель  |b Я. И.  |c российский физик-теоретик  |c член-корреспондент АН СССР  |f 1894-1952  |g Яков Ильич  |2 stltpush  |3 (RuTPU)RU\TPU\pers\4118  |9 904 
702 1 |a Тучкевич  |b В. М.  |4 340 
712 0 2 |a Академия наук СССР (АН СССР)  |b Физико-технический институт им. А. Ф. Иоффе (ФТИ)  |c (Ленинград)  |2 stltpush  |3 (RuTPU)RU\TPU\col\12056 
801 1 |a RU  |b 63413507  |c 20140715 
801 2 |a RU  |b 63413507  |c 20191015  |g RCR 
942 |c BK